| 000 | 00554nam a2200181 a 4500 | ||
|---|---|---|---|
| 005 | 20140310183543.0 | ||
| 008 | 110926s19uu xx 00 eng d | ||
| 020 | _a9788132102212 | ||
| 050 |
_aHM 789 _b.M32 2009 |
||
| 100 | _aMalik, Pravir | ||
| 245 |
_aConnecting inner power with global change : _bthe fractal ladder / _cPravir Malik. |
||
| 260 |
_aNew Delhi, India : _bResponse Books, _c2009. |
||
| 300 |
_a216 p. : _c23 cm. |
||
| 650 | _aOrganizational sociology. | ||
| 650 | _aOrganizational change. | ||
| 942 |
_cBK _2lcc _kFOR |
||
| 999 |
_c24836 _d24836 |
||